Study of population awareness, attitude towards family planning and reactions of the school students and teachers of south Haryana to the inclusion of population education in the school curriculum (Record no. 74750)

MARC details
000 -LEADER
fixed length control field 00498nam a2200145Ia 4500
008 - FIXED-LENGTH DATA ELEMENTS--GENERAL INFORMATION
fixed length control field 230917s9999||||xx |||||||||||||| ||und||
040 ## - CATALOGING SOURCE
-- 200606
Original cataloging agency VIVEKANANDA LIBRARY
041 ## - Language
-- English
082 ## - DDC NUMBER
Classification number 301.426 K127S
100 ## - MAIN ENTRY--PERSONAL NAME
Personal name Kalra, Prerna
245 #0 - TITLE STATEMENT
Title Study of population awareness, attitude towards family planning and reactions of the school students and teachers of south Haryana to the inclusion of population education in the school curriculum
260 ## - PUBLICATION, DISTRIBUTION, ETC. (IMPRINT)
Date of publication, distribution, etc [n.d.]
300 ## - PHYSICAL DESCRIPTION
Pages 56 p.
942 ## - ADDED ENTRY ELEMENTS (KOHA)
Koha item type Thesis
Holdings
Withdrawn status Lost status Damaged status Not for loan Location (home branch) Sublocation or collection (holding branch) Date acquired Koha issues (times borrowed) Koha full call number Accession No. Koha date last seen Koha item type
        VIVEKANANDA LIBRARY VIVEKANANDA LIBRARY 13/07/2012   301.426 K127S 149693 17/09/2023 Thesis
© Designed and Maintained by Vivekananda Library, MDU Rohtak